Statistics for Streets in Hong Kong named the royal family

Click here to take the quiz!

General Stats

  • This quiz has been taken 36 times
    (33 since last reset)
  • The average score is 9 of 26

Answer Stats

HintHint (Place)Answer% Correct
CentralQueen's Road Central
81%
Wan ChaiQueen's Road East
81%
Queen VictoriaKennedy Town/Pok Fu LamVictoria Road
77%
West Point (Sai Wan)Queen's Road West
73%
Tin Hau - Tai KooKing's Road
58%
Mong KokPrince Edward Road West
54%
Queen Victoria Street
54%
King Edward VIIIKowloon CityPrince Edward Road East
50%
King George VCauseway BayGreat George Street
42%
AdmiraltyQueensway
42%
Sheung WanQueen Street
35%
The only sibling of Queen Elizabeth IIHo Man TinPrincess Margaret Road
31%
Jubilee Street
23%
Lower Albert Road
23%
Upper Albert Road
23%
Queen Elizabeth IIKing's ParkQueen Elizabeth Hospital Road
19%
CentralConnaught Road Central
15%
Queen Victoria's third sonWest PointConnaught Road West
15%
Husband of Queen Elizabeth IICentralEdinburgh Place
15%
King's Park Rise
15%
Queen Elizabeth Hospital Path
15%
King George V's third sonWan Chai - Causeway BayGloucester Road
12%
First Northern Ireland governorYau Ma TeiHamilton Street
12%
King Edward VIIKing's ParkKing's Park Hill Road
12%
Connaught Place
8%
Husband of Queen VictoriaCentralAlbert Path
4%

Score Distribution

Percentile by Number Answered

Percent of People with Each Score

Your Score History

You have not taken this quiz since the last reset